| 000 | 01366ngm a22002890a 4500 | ||
|---|---|---|---|
| 001 | PT40547 | ||
| 003 | AR-LpoUNG | ||
| 005 | 20210201235904.0 | ||
| 007 | vd cvaizq | ||
| 008 | 191001s2010||||ag |||||||||||||||||spa d | ||
| 040 |
_aAR-LpoUNG _bspa _cAR-LpoUNG _eaacr |
||
| 041 |
_aspa _aeng |
||
| 044 | _aag | ||
| 082 | 0 | _a808.068.8 612man | |
| 245 | 1 | 0 |
_aManny a la obra : _bliving la vida verde |
| 260 |
_aBuenos Aires : _bWalt Disney, _c2010. |
||
| 300 | _aDVD (68 min.) : son., col. | ||
| 505 | 0 | _aHecha en: 2010. - Doblada en: Inglés y Español. - Subtitulada en: Inglés y Español | |
| 520 | _aUna divertida historia que combina imaginación y trabajo en equipo, mientras que muestra a toda tu familia lo importante que es cuidar el medio ambiente. Únete a Manny y sus herramientas parlantes y acompáñalos a proteger un nido de tortugas bebés que está en peligro. Observa cómo reparan una lámpara con una ingeniosa combinación de luz y espejos. Luego, descubre cómo funciona la energía solar cuando Manny logra producir electricidad gracias al sol. Comparte una tonelada de diversión ecológica mientras descubres un mundo lleno de maravillas naturales y mucho más. | ||
| 653 | _aDVD | ||
| 653 | _aVIDEOS | ||
| 653 | _aVIDEOS DIDACTICOS | ||
| 653 | _aVIDEOS INFANTILES | ||
| 710 | 2 | _aWalt Disney | |
| 905 | _a40547 | ||
| 942 | _cDVD | ||
| 999 |
_c53713 _d53713 |
||